00705nam a2200241 a 4500001001300000003000900013005001700022008004100039020001000080082001300090100002200103245003100125260005500156300000900211500003500220505002900255650002200284700002200306902000800328942000700336952010500343999001500448nice12345678IN_TiNIC20260116011847.0050524s1974 bana grp 000 0 eng  ac10000a226bWIJ aWijngaarda, J N M aBackground to the Gospels. aBangalorebTheological Publications in Indiac1974 a344p aincludes index and biblioraphy2 aIndex of name and topics aBible N.T. Gospel1 aWijngaarda, J N M bSRS cBK 00104070aHMIbHMId2007-06-20g100.00l1o226 WIJp07689r2022-07-12s2022-06-29w2026-01-16yEB c4522d4522